Score 0/18 Timer 05:00
2 Plays Today
% Correct
Olympic Games
97.3%
Quaker Oats
92.6%
OMEGA
78.5%
Quiznos
74.5%
Olive Garden
73.8%
The Onion
73.3%
Outback Steakhouse
71.7%
QuickTime
64.9%
Qantas
57.2%
% Correct
Q-tips
56.7%
Edmonton Oilers
52.2%
Olay
51.8%
Quiksilver
49.3%
Opel
41.1%
Orangina
41.1%
Old Spice
36.2%
QuickBooks
24.7%
University of Oxford
21.3%
Remove Ads.
Support Sporcle.
Get the best of Sporcle when you Go Orange. This ad-free experience offers more features, more stats, and more fun while also helping to support Sporcle. Thank you for becoming a member.

You're not logged in!

Compare scores with friends on all Sporcle quizzes.
OR
Log In

Show Comments

Extras

Top Quizzes Today


Score Distribution

Your Account Isn't Verified!

In order to create a playlist on Sporcle, you need to verify the email address you used during registration. Go to your Sporcle Settings to finish the process.

Report this User

Report this user for behavior that violates our Community Guidelines.

Details: